Normal view
MARC view
- PHYSICS, MATTER -CONSTITUTION . MODERN PHYSICS
Entry Topical Term
001 - CONTROL NUMBER
- control field: 64089
003 - CONTROL NUMBER IDENTIFIER
- control field: NUST
005 - DATE AND TIME OF LATEST TRANSACTION
- control field: 20210628203224.0
008 - FIXED-LENGTH DATA ELEMENTS
- fixed length control field: 210628|| aca||aabn | a|a d
040 ## - CATALOGING SOURCE
- Original cataloging agency: NUST
- Transcribing agency: NUST
150 ## - HEADING--TOPICAL TERM
- Topical term or geographic name entry element: PHYSICS, MATTER -CONSTITUTION . MODERN PHYSICS
670 ## - SOURCE DATA FOUND
- Source citation: Work cat.: (NUST): Brehm, John .J , Mullin, William .J 64088, Introduction to the structure of matter , a course in modern physics, 1989
